000 01707nam a2200349 a 4500
001 000039593
005 20241130074013.0
008 130708s2004 dr 001 e spa d
020 _a9993496057
040 _aDO-SdBNP
_bspa
_cBNPHU
082 _a323.3231
_bP438r
100 1 _aPérez, Odalís
_d1952-
_923828
245 1 0 _aRepública Dominicana. El mito político de las palabras /
_cOdalís G. Pérez.
260 _aSanto Domingo :
_bManatí,
_c2004.
300 _a344 p. ;
_c24 cm.
490 1 _aNueva visión del pensamiento dominicano ;
490 1 _aIdentidades vivas ;
500 _aIncluye índice onomástico
500 _aIncluye datos biográficos del autor en la solapa de la cubierta.
504 _aBibliografía : p. 329-339.
505 0 _gIntroducción: El mito de la palabra política en República Dominicana --
_tLos signos de la diferencia --
_tPensar desde la ruptura --
_tEl mito vaciado y viciado por el escritor --
_tLa miseria de la crítica literaria --
_tIdentidades, simulacros y errancia del pensamiento --
_gConclusión: el presente de la mirada crítica --
_gBibliografía.
590 _aInventariado, 2018/BT
650 0 _aEnsayos dominicanos
_965
650 4 _aIntelectuales
_xActividad política
_zRepública Dominicana
_965758
650 4 _aCultura
_zRepública Dominicana
_xEnsayos, conferencias, etc.
_927116
650 0 _aLiteratura dominicana.
_967
650 4 _aPoder político
_xEnsayos, conferencias, etc.
_965759
651 4 _aRepública Dominicana
_xVida Intelectual
_xEnsayos, Conferencias, Etc.
_910049
830 0 _aNueva visión del pensamiento dominicano :
_934156
830 0 _aIdentidades vivas ;
_965760
910 _aValidado. Control de calidad. EMS
999 _c39083
_d39083